[Event "Villa Ballester op 69th"]
[Site "Villa Ballester"]
[Date "2019.01.20"]
[Round "4"]
[White "Mino, Emmanuel"]
[Black "Miranda, Leonardo"]
[Result "1-0"]
[WhiteElo "1640"]
[BlackElo "1783"]
[PlyCount "181"]
[EventDate "2019.01.16"]
[EventType "swiss"]
[EventRounds "9"]
[EventCountry "ARG"]
[SourceTitle "CBM 188 Extra"]
[Source "ChessBase"]
[SourceDate "2019.02.26"]
[SourceVersion "1"]
[SourceVersionDate "2019.02.26"]
[SourceQuality "1"]

1. d4 Nf6 2. c4 c5 3. d5 e5 4. Nc3 d6 5. e4 g6 6. Nf3 Bg7 7. Bd3 0-0 8. Bg5 a6 9. Qd2 Bg4 10. Nh4 Bd7 11. 0-0 h6 12. Bxf6 Qxf6 13. Nf3 Qd8 14. Ne1 f5 15. f4 exf4 16. Qxf4 fxe4 17. Qxe4 Rxf1+ 18. Bxf1 Bf5 19. Qf4 Qf6 20. Nf3 g5 21. Qg3 Nd7 22. Re1 Rf8 23. h3 Ne5 24. Nxe5 dxe5 25. Qe3 b6 26. Ne4 Bxe4 27. Qxe4 Qf2+ 28. Kh1 Qxb2 29. Bd3 Rf6 30. Kh2 Qd4 31. Qh7+ Kf7 32. a4 Kf8 33. Rb1 Qf4+ 34. Kh1 Qg3 35. Qe4 Rf4 36. Qg6 Rf6 37. Qh7 g4 38. Bf5 gxh3 39. Bxh3 Qg6 40. Qxg6 Rxg6 41. Be6 e4 42. Rxb6 Bd4 43. d6 Rf6 44. Rb8+ Kg7 45. Rg8+ Kh7 46. d7 Rf1+ 47. Kh2 Be5+ 48. Kh3 Bc7 49. d8Q Bxd8 50. Rxd8 Kg6 51. Bd5 e3 52. Re8 Ra1 53. Bc6 Ra3 54. Kg4 Rc3 55. Re4 Rd3 56. Kf3 Kf5 57. Rxe3 Rd4 58. Bd5 h5 59. g3 Rd1 60. Re6 a5 61. Ra6 Rd3+ 62. Kg2 Kg4 63. Rxa5 Rd2+ 64. Kf1 Kxg3 65. Rxc5 h4 66. Rc8 h3 67. Rg8+ Kf4 68. Rf8+ Kg3 69. a5 h2 70. Rg8+ Kf4 71. a6 Ra2 72. Rh8 Kg3 73. Rh6 Kf4 74. c5 Ra5 75. Rxh2 Rxa6 76. Rb2 Ke5 77. Bg2 Ra1+ 78. Ke2 Ra5 79. Rc2 Ra7 80. Kd3 Ke6 81. Kc4 Kd7 82. Kb5 Kc8 83. Kb6 Ra1 84. Bc6 Rb1+ 85. Bb5 Rg1 86. Re2 Rg8 87. Re8+ Rxe8 88. Bxe8 Kb8 89. Kc6 Kc8 90. Bd7+ Kd8 91. Bg4 1-0